000 00461nam a2200169Ia 4500
003 LK-CoDNM
008 010623t2001 xxu||||| |||| 00| 1 sin d
040 _aLK-CoDNM
_dLK-CoDNM
_eLK-CoDNM
041 _asin
080 _a294.3 SOR
100 _aSoratha Thero,Kirama.
245 _aබොදු පිළිවෙත් මඟ
246 _aBodu Piliweth Maga
260 _bBuddhist Cultural Centre
_aDehiwala
_c2001
300 _b193p., 21 cm
942 _cBK
999 _c121341
_d121341